| 000 | 00909nam a22002417a 4500 | ||
|---|---|---|---|
| 005 | 2012082709009.0 | ||
| 008 | 120827t xxu||||| |||| 00| 0 eng d | ||
| 010 | _aENG-105641 | ||
| 020 |
_a9788120346123 _c325.00 |
||
| 035 | _aEN-89174 | ||
| 037 | _bDBAD/PUB | ||
| 040 |
_aDPL _bEng |
||
| 082 | _a621.3121 | ||
| 100 | 1 |
_aGupta, Manoj Kumar _951509 |
|
| 245 | 1 | 0 |
_aPower plant engineering / _cby Manoj Kumar Gupta |
| 260 |
_aNew Delhi _bPHI Learning _cc2012 |
||
| 270 |
_aM-97, Connaught Circus _bNew Delhi _e110001 |
||
| 300 |
_axiv,341p. : _bill. _c24cm(pbk) |
||
| 500 | _aIncludes bibliographical references and index. | ||
| 942 |
_2ddc _cEN _h621.3121 _mGUP |
||
| 999 |
_c69321 _d69321 |
||